深海裡的星星
| 資料類型: | 圖書 | 書目號: | 50967 |
Leader xxxxxxxxxx 001 __ 102452/9/01 005 __ 20170410105848.868 010 0_ |a978-957-10-4461-3|b平裝|d新臺幣250元 020 __ |b99025190 099 __ |am 100 __ |a20170410d2011 k y0chiy50 e 101 0_ |achi 102 __ |atw 105 __ |ay z 000ay 200 1_ |a深海裡的星星|f獨木舟著 205 __ |a初版 210 __ |a臺北市|c尖端出版|c家庭傳媒城邦分公司發行|d2011[民100] 215 0_ |a317面|d21公分 225 12 |a愛小說 700 _0 |a獨木舟|4著 681 __ |a857.7|b8575 801 _0 |atw|bLibDipper|c20170410|gCCR |